| 000 | 00565cam a22001931 4500 | ||
|---|---|---|---|
| 001 | 6496781 | ||
| 003 | BD-DhUL | ||
| 005 | 20170119151047.0 | ||
| 008 | 741106s1950 ru f 000 1 eng | ||
| 040 |
_aDLC _cOAU _dOCoLC _dDLC _dBD-DhUL |
||
| 082 |
_a823 _bFEN |
||
| 100 | 1 | _aFedin, Konstantin. | |
| 245 | 1 | 0 |
_aNo ordinary summer : _ba novel in two parts / _cKonstantin Fedin. |
| 260 |
_aMoscow : _bForeign Languages, _c1950. |
||
| 300 |
_a2 v. _bplates. _c17 cm. |
||
| 440 | 0 | _aLibrary of selected Soviet literature | |
| 650 | 4 | _aEnglish fiction | |
| 942 |
_2ddc _cBK |
||
| 999 |
_c152039 _d152039 |
||